<?xml version="1.0" encoding="UTF-8"?>
<record
    xmlns:xsi="http://www.w3.org/2001/XMLSchema-instance"
    xsi:schemaLocation="http://www.loc.gov/MARC21/slim http://www.loc.gov/standards/marcxml/schema/MARC21slim.xsd"
    xmlns="http://www.loc.gov/MARC21/slim">

  <leader>00850nam a22001577a 4500</leader>
  <controlfield tag="003">LRUA</controlfield>
  <controlfield tag="005">20210908084541.0</controlfield>
  <controlfield tag="008">210818b        xxu||||| |||| 00| 0 eng d</controlfield>
  <datafield tag="040" ind1=" " ind2=" ">
    <subfield code="c">RUA</subfield>
  </datafield>
  <datafield tag="082" ind1=" " ind2=" ">
    <subfield code="a">VEM KEN 2014 B434 Or.</subfield>
  </datafield>
  <datafield tag="100" ind1=" " ind2=" ">
    <subfield code="9">14662</subfield>
    <subfield code="a">&#x1780;&#x17C1;&#x1784;&#x200B; &#x179A;&#x178F;&#x1793;&#x17B6;, KENG RATHANA</subfield>
  </datafield>
  <datafield tag="245" ind1=" " ind2=" ">
    <subfield code="a">&#x1794;&#x17D2;&#x179A;&#x179F;&#x17B7;&#x1791;&#x17D2;&#x1792;&#x1797;&#x17B6;&#x1796;&#x17A2;&#x1784;&#x17CB;&#x1791;&#x17B8;&#x1794;&#x17CA;&#x17B8;&#x1799;&#x17C9;&#x17BC;&#x1791;&#x17B7;&#x1785;&#x1794;&#x17B8;&#x1794;&#x17D2;&#x179A;&#x1797;&#x17C1;&#x1791;&#x179B;&#x17BE;&#x1787;&#x17C6;&#x1784;&#x17BA;&#x179A;&#x17B6;&#x1780;&#x1780;&#x17BC;&#x1793;&#x1787;&#x17D2;&#x179A;&#x17BC;&#x1780;&#x17A2;&#x17C6;&#x17A1;&#x17BB;&#x1784;&#x1796;&#x17C1;&#x179B;&#x1794;&#x17C6;&#x1794;&#x17C5;&#x178A;&#x17C4;&#x17C7; &#x1793;&#x17C5;&#x1780;&#x179F;&#x17B7;&#x178A;&#x17D2;&#x178B;&#x17B6;&#x1793;&#x200B;&#x1798;&#x17B7;&#x1793; &#x1782;&#x17B9;&#x1798; &#x179F;&#x17B6;&#x1793; &#x179F;&#x17D2;&#x179A;&#x17BB;&#x1780;&#x1782;&#x1784;&#x1796;&#x17B7;&#x179F;&#x17B8;&#x1781;&#x17C1;&#x178F;&#x17D2;&#x178F;&#x1780;&#x17C6;&#x1796;&#x1784;&#x17CB;&#x179F;&#x17D2;&#x1796;&#x17BA;, effect of three antibiotics on diaeehea of suckling piglets at min kimsan farm kong pisei district, kampong speu provincee</subfield>
  </datafield>
  <datafield tag="260" ind1=" " ind2=" ">
    <subfield code="a">phnom penh</subfield>
    <subfield code="b">rua</subfield>
    <subfield code="c">2014</subfield>
  </datafield>
  <datafield tag="300" ind1=" " ind2=" ">
    <subfield code="a">ix, 42p</subfield>
    <subfield code="b">ill,</subfield>
    <subfield code="c">29cm,</subfield>
  </datafield>
  <datafield tag="942" ind1=" " ind2=" ">
    <subfield code="2">ddc</subfield>
    <subfield code="c">VEM</subfield>
  </datafield>
  <datafield tag="999" ind1=" " ind2=" ">
    <subfield code="c">19721</subfield>
    <subfield code="d">19721</subfield>
  </datafield>
  <datafield tag="952" ind1=" " ind2=" ">
    <subfield code="0">0</subfield>
    <subfield code="1">0</subfield>
    <subfield code="2">ddc</subfield>
    <subfield code="4">0</subfield>
    <subfield code="6">VEM_KEN_2014_000000000000000_B434_OR_1</subfield>
    <subfield code="7">0</subfield>
    <subfield code="9">86812</subfield>
    <subfield code="a">LBB</subfield>
    <subfield code="b">LBB</subfield>
    <subfield code="c">B434</subfield>
    <subfield code="d">2021-08-18</subfield>
    <subfield code="o">VEM KEN 2014 B434 Or.1</subfield>
    <subfield code="p">A065956</subfield>
    <subfield code="r">2021-08-18</subfield>
    <subfield code="w">2021-08-18</subfield>
    <subfield code="y">VEM</subfield>
  </datafield>
  <datafield tag="952" ind1=" " ind2=" ">
    <subfield code="0">0</subfield>
    <subfield code="1">0</subfield>
    <subfield code="2">ddc</subfield>
    <subfield code="4">0</subfield>
    <subfield code="6">VEM_KEN_2014_000000000000000_B434_OR_1</subfield>
    <subfield code="7">0</subfield>
    <subfield code="9">86813</subfield>
    <subfield code="a">LBB</subfield>
    <subfield code="b">LBB</subfield>
    <subfield code="c">B434</subfield>
    <subfield code="d">2021-08-18</subfield>
    <subfield code="o">VEM KEN 2014 B434 Or.1</subfield>
    <subfield code="p">A066020</subfield>
    <subfield code="r">2021-08-18</subfield>
    <subfield code="w">2021-08-18</subfield>
    <subfield code="y">VEM</subfield>
  </datafield>
  <datafield tag="952" ind1=" " ind2=" ">
    <subfield code="0">0</subfield>
    <subfield code="1">0</subfield>
    <subfield code="2">ddc</subfield>
    <subfield code="4">0</subfield>
    <subfield code="6">VEM_KEN_2014_000000000000000_B434_OR_1</subfield>
    <subfield code="7">0</subfield>
    <subfield code="9">86814</subfield>
    <subfield code="a">LBB</subfield>
    <subfield code="b">LBB</subfield>
    <subfield code="c">B434</subfield>
    <subfield code="d">2021-08-18</subfield>
    <subfield code="o">VEM KEN 2014 B434 Or.1</subfield>
    <subfield code="p">A065724</subfield>
    <subfield code="r">2021-08-18</subfield>
    <subfield code="w">2021-08-18</subfield>
    <subfield code="y">VEM</subfield>
  </datafield>
</record>
